César Award for Best Actor - Statistics

General Stats
  • This quiz has been taken 77 times
  • The average score is 19 of 42
Answer Stats
film best actor % Correct
1981 The Last Metro
Le Dernier Métro
Gérard Depardieu
90%
1991 Cyrano de Bergerac Gérard Depardieu
90%
2012 Intouchables Omar Sy
88%
2015 Yves Saint Laurent Pierre Niney
77%
2003 The Pianist Adrien Brody
67%
1989 Itinerary of a Spoiled Child
Itinéraire d'un enfant gâté
Jean-Paul Belmondo
63%
2010 A Prophet
Un prophète
Tahar Rahim
63%
1987 Jean de Florette II: Manon of the Spring
Manon des sources
Daniel Auteuil
58%
2000 Girl on the Bridge
La Fille sur le pont
Daniel Auteuil
58%
2014 Me, Myself and Mum
Les Garçons et Guillaume, à table!
Guillaume Gallienne
58%
2009 Mesrine I: Killer Instinct
L'Instinct de mort
Vincent Cassel
58%
2007 Tell No One
Ne le dis à personne
François Cluzet
56%
1999 The Dinner Game
Le Dîner de cons
Jacques Villeret
54%
1984 So Long, Stooge
Tchao pantin
Coluche (Michel Colucci)
50%
1985 Our Story
Notre histoire
Alain Delon
48%
1979 Birds of a Feather
La Cage aux folles
Michel Serrault
48%
1982 Under Suspicion
Garde à vue
Michel Serrault
48%
1996 Nelly and Mr Arnaud
Nelly et Monsieur Arnaud
Michel Serrault
48%
2016 The Measure of a Man
La Loi du marché
Vincent Lindon
48%
2017 It's Only the End of the World
Juste la fin du monde
Gaspard Ulliel
44%
1976 The Old Gun
Le Vieux Fusil
Philippe Noiret
44%
1990 Life and Nothing But
La Vie et rien d'autre
Philippe Noiret
44%
2013 Amour Jean-Louis Trintignant
42%
1986 Subway Christopher Lambert
40%
1992 Van Gogh Jacques Dutronc
38%
1998 Same Old Song
On connaît la chanson
André Dussolier
35%
2011 Gainsbourg (Vie héroïque) Eric Elmosnino
35%
1977 The Judge and the Assassin
Le Juge et l'assassin
Michel Galabru
35%
2005 Kings and Queen
Rois et reine
Mathieu Amalric
33%
2008 The Diving Bell and the Butterfly
Le Scaphandre et le papillon
Mathieu Amalric
33%
2004 Monsieur Ibrahim
Monsieur Ibrahim et les fleurs du Coran
Omar Sharif
33%
1993 Le Souper Claude Rich
31%
2001 Harry, He's Here to Help
Harry, un ami qui vous veut du bien
Sergi López
31%
1980 The Police War
La Guerre des polices
Claude Brasseur
29%
1978 Drummer-Crab
Le Crabe-tambour
Jean Rochefort
29%
1983 The Nark
La Balance
Philippe Léotard
29%
1997 Captain Conan
Capitaine Conan
Philippe Torreton
29%
1994 Smoking/No Smoking Pierre Arditi
29%
1988 The Grand Highway
Le Grand Chemin
Richard Bohringer
29%
2002 How I Killed My Father
Comment j'ai tué mon père
Michel Bouquet
27%
2006 The Last Mitterrand
Le Promeneur du Champ-de-Mars
Michel Bouquet
27%
1995 The Favourite Son
Le Fils préféré
Gérard Lanvin
25%
No matching quizzes found
Score Distribution
Percent of People with Each Score
Percentile by Number Answered
Your Score History
You have not taken this quiz